• 首页
  • 本馆介绍
  • 公告通知
  • 最新文献
  • 馆藏检索
  • 电子资源
  • 读者导购
  • 参考咨询
  • 我的图书馆
  • 登录
  • 详细信息显示
  • 放入我的书架
  • 预约/预借图书
  • 作者相关作品
  • 分类相关作品
  • 丛书相关作品
  • 出版社相关作品

书目信息

  • 表格格式
  • 工作单格式
  • 卡片格式
题名:
强军梦
    
 
作者: 任天佑 主编
分册:  
出版信息: 北京   人民出版社  2015
页数: 221页
开本: 24cm
丛书名:
单 册:
中图分类: E2
科图分类:
主题词: 国防建设--中国 , 军队建设--中国
电子资源:
ISBN: 978-7-01-014770-3
000 01756nam0 2200241 450
001 012001004543
005 20140928162349.0
010    @a978-7-01-014770-3@dCNY35.00
100    @a20150712d2015 em y0chiy50 ea
101 0  @achi
102    @aCN@b110000
105    @ay z 000yy
106    @ar
200 1  @a强军梦@9qiang jun meng@f任天佑主编
210    @a北京@c人民出版社@d2015
215    @a221页@d24cm
330    @a本书稿比较充分地体现了习近平主席关于强军梦的一系列重要讲话精神,观点准确。 本书稿的研究比较深入,信息量大,吸收了理论界研究的最新成果,并依据公开资料,解读了我军近期的战略调整,以及一系列重大军事演习和军事装备研制等情况,内容包括:中国梦与强军梦、世界视野中的强军梦、历史经验与教训、无法回避的挑战、瞄准现代战争、铸牢强军之魂、扭住强军之要、夯实强军之基、实现富国和强军的统一等,体现出了思想性、前瞻性。 本书稿文字鲜活,语言风格有个性特点,让读者有耳目一新的感觉。 中国梦是强国梦,对军队来说就是强军梦。强军梦是中华民族伟大复兴的重要基石,是保证中国实现从大国向强国跃升的战略支撑。本书稿从历史、现实与未来相统一的大视野来审视强军梦,坚持以习近平关于国防和军队建设的重要论述为指导,着力回答建设一支什么样的军队、如何建设军队这一根本问题,具有重大的理论与现实意义。本书稿以世界大视野来观察中国的强军战略,在总结历史经验和教训的基础上体认强军对于国家发展的重大战略意义,深入分析当前我国面临的生存安全和发展安全问题,立足打赢现代战争的需要研究现代战争制胜机理,紧紧围绕党在新形势下的强军目标,铸牢听党指挥这个强军之魂,扭住能打仗、打胜仗这个强军之要,夯实依法治军、从严治军这个强军之基,坚定不移地走中国特色强军之路,为促进强军梦的实现提供理论支撑。
606 0  @a国防建设@y中国
606 0  @a军队建设@y中国
690    @aE2@v5
701  0 @a任天佑@9ren tian you@4主编
801  0 @aCN@b上海新华@c20180901
905    @b1170897-901@dE2@e6@f5
    
    强军梦/任天佑主编.-北京:人民出版社,2015
    221页;24cm
    
    
    ISBN 978-7-01-014770-3:CNY35.00
    本书稿比较充分地体现了习近平主席关于强军梦的一系列重要讲话精神,观点准确。 本书稿的研究比较深入,信息量大,吸收了理论界研究的最新成果,并依据公开资料,解读了我军近期的战略调整,以及一系列重大军事演习和军事装备研制等情况,内容包括:中国梦与强军梦、世界视野中的强军梦、历史经验与教训、无法回避的挑战、瞄准现代战争、铸牢强军之魂、扭住强军之要、夯实强军之基、实现富国和强军的统一等,体现出了思想性、前瞻性。 本书稿文字鲜活,语言风格有个性特点,让读者有耳目一新的感觉。 中国梦是强国梦,对军队来说就是强军梦。强军梦是中华民族伟大复兴的重要基石,是保证中国实现从大国向强国跃升的战略支撑。本书稿从历史、现实与未来相统一的大视野来审视强军梦,坚持以习近平关于国防和军队建设的重要论述为指导,着力回答建设一支什么样的军队、如何建设军队这一根本问题,具有重大的理论与现实意义。本书稿以世界大视野来观察中国的强军战略,在总结历史经验和教训的基础上体认强军对于国家发展的重大战略意义,深入分析当前我国面临的生存安全和发展安全问题,立足打赢现代战争的需要研究现代战争制胜机理,紧紧围绕党在新形势下的强军目标,铸牢听党指挥这个强军之魂,扭住能打仗、打胜仗这个强军之要,夯实依法治军、从严治军这个强军之基,坚定不移地走中国特色强军之路,为促进强军梦的实现提供理论支撑。
●
相关链接 在E读中查询图书 在五车中查询图书 在当当中查询图书 在豆瓣中查询图书


正题名:强军梦     索取号:E2/6         预约/预借

序号 登录号 条形码 馆藏地/架位号 状态 备注
1 1170897   211708972   第一样本阅览室/ [索取号:E2/6] 在馆    
2 1170898   211708981   密集书库-文学院/ [索取号:E2/6] 在馆    
3 1170899   211708990   第一借阅区/ [索取号:E2/6] 在馆    
4 1170900   211709007   第一借阅区/ [索取号:E2/6] 在馆    
5 1170901   211709016   第一借阅区/ [索取号:E2/6] 在馆    
唐山师范学院图书馆 欢迎您!
大连网信软件有限公司© 版权所有